000 00669nam a2200241 a 4500
001 56817
003 BD-RjUL
005 20211209080433.0
008 161204s1990 ii b 000 0 eng
020 _cRs75.00
035 _a(BD-RjUL)56941
040 _aDLC
_cDLC
_dBD-RjUL
_beng
041 _aeng
082 0 0 _a297
_223
_bQUC 1990
100 1 _aQuddus, Syed Abdul.
_9168949
245 1 4 _aThe challenge of Islamic renaissance /
_cSyed Abdul Quddus
260 _aIndia :
_bRoyal Book Co.,
_c1990
300 _axi, 242 p. ;
_c23 cm.
504 _aIncludes bibliographical references.
650 0 _aIslam.
_9168950
942 _2ddc
_cBK
999 _c56817
_d56817